[Event "DSOL 02 Liga Gr-C 1st"]
[Site "Playchess.com INT"]
[Date "2020.07.23"]
[Round "5.3"]
[White "Schuelting, David"]
[Black "Felten, Joachim"]
[Result "1/2-1/2"]
[WhiteElo "1841"]
[BlackElo "1991"]
[PlyCount "98"]
[EventDate "2020.06.22"]
[EventType "team-tourn (rapid)"]
[EventCountry "GER"]
[SourceTitle "EXT 2021"]
[Source "ChessBase"]
[SourceDate "2020.10.23"]
[SourceVersion "1"]
[SourceVersionDate "2020.10.23"]
[SourceQuality "1"]
[WhiteTeam "Brand SF"]
[BlackTeam "Grosshansdorf"]
[WhiteTeamCountry "GER"]
[BlackTeamCountry "GER"]

1. e4 e6 2. d4 d5 3. exd5 exd5 4. Bd3 Nc6 5. c3 Bd6 6. Nf3 Nge7 7. 0-0 0-0 8. Qc2 g6 9. Re1 Bf5 10. Nbd2 Bxd3 11. Qxd3 a6 12. Ne5 f6 13. Nxc6 Nxc6 14. Nf3 Qd7 15. Bd2 Rfe8 16. b4 Ne7 17. a4 Nf5 18. h3 Rxe1+ 19. Nxe1 c6 20. Nc2 Re8 21. Re1 Rxe1+ 22. Nxe1 Kf7 23. g4 Ng7 24. Nf3 Qe7 25. Kf1 Qe4 26. Ne1 Qh1+ 27. Ke2 Ne6 28. Qf3 Qxf3+ 29. Kxf3 g5 30. Ng2 Kg6 31. h4 Ng7 32. Ke2 h5 33. gxh5+ Nxh5 34. Kf3 Bc7 35. Be3 Kf5 36. hxg5 fxg5 37. Ke2 g4 38. a5 Ke4 39. Nh4 Bf4 40. Ng2 Bxe3 41. Nxe3 Nf4+ 42. Kd2 Kf3 43. Nd1 Nh3 44. Ke1 Ng5 45. Kd2 Ne4+ 46. Ke1 Nd6 47. Nb2 Ne4 48. Nd1 Nd6 49. Nb2 Ne4 1/2-1/2

[Event "DSOL 02 Liga Gr-C 1st"]
[Site "Playchess.com INT"]
[Date "2020.06.25"]
[Round "1.3"]
[White "Schubert, Martin"]
[Black "Schuelting, David"]
[Result "0-1"]
[WhiteElo "1922"]
[BlackElo "1841"]
[PlyCount "92"]
[EventDate "2020.06.22"]
[EventType "team-tourn (rapid)"]
[EventCountry "GER"]
[SourceTitle "EXT 2021"]
[Source "ChessBase"]
[SourceDate "2020.10.23"]
[SourceVersion "1"]
[SourceVersionDate "2020.10.23"]
[SourceQuality "1"]
[WhiteTeam "Pfullingen"]
[BlackTeam "Brand SF"]
[WhiteTeamCountry "GER"]
[BlackTeamCountry "GER"]

1. c4 e5 2. Nc3 Nc6 3. Nf3 Bc5 4. e3 d6 5. d4 exd4 6. exd4 Bb6 7. Bg5 Nf6 8. Nd5 Ba5+ 9. Nd2 Nxd4 10. b4 Bf5 11. Bxf6 gxf6 12. Ne4 Bxe4 13. Qxd4 Bxd5 14. cxd5 Bb6 15. Qe4+ Kf8 16. Bd3 Qd7 17. 0-0 Re8 18. Qh4 Rg8 19. Qxf6 Qg4 20. g3 Bd4 21. Qh6+ Bg7 22. Qxh7 Bxa1 23. Rxa1 Re5 24. Rc1 Rh5 25. Qe4 Qh3 26. Qg2 Qxg2+ 27. Kxg2 Rxd5 28. Be4 Rd4 29. Bxb7 Rxb4 30. Rxc7 Rg5 31. Bf3 Ra5 32. Rc2 Rba4 33. Rd2 Rxa2 34. Rxd6 Rb2 35. Rf6 Kg7 36. Rf4 Rc5 37. h4 a5 38. h5 Rb4 39. h6+ Kxh6 40. Rxf7 a4 41. Ra7 Rc3 42. Bd5 a3 43. Kh3 Rd3 44. Bf7 Kg5 45. f4+ Rxf4 46. Ra5+ Rf5 0-1

[Event "Mittelrhein Verbandsliga-W 18/19"]
[Site "Nordrheinwestfalen"]
[Date "2019.02.10"]
[Round "7.2"]
[White "Schuelting, David"]
[Black "Henrotte, Nils"]
[Result "0-1"]
[WhiteElo "1814"]
[BlackElo "1952"]
[PlyCount "66"]
[EventDate "2018.09.02"]
[EventType "team-tourn"]
[EventRounds "11"]
[EventCountry "GER"]
[SourceTitle "EXT 2022"]
[Source "ChessBase"]
[SourceDate "2021.10.06"]
[SourceVersion "1"]
[SourceVersionDate "2021.10.06"]
[SourceQuality "1"]
[WhiteTeam "Brand SF"]
[BlackTeam "Eschweiler SC"]
[WhiteTeamCountry "GER"]
[BlackTeamCountry "GER"]

1. e4 e6 2. d4 d5 3. exd5 exd5 4. Bd3 c5 5. Qe2+ Be7 6. dxc5 Nf6 7. Nf3 0-0 8. 0-0 Re8 9. Qd2 Bxc5 10. b3 Bg4 11. Qc3 Ne4 12. Bxe4 dxe4 13. Bb2 Bf8 14. Ne5 Bf5 15. Nd2 Nd7 16. Ndc4 Nxe5 17. Nxe5 Rc8 18. Rad1 Rxc3 19. Rxd8 Rxd8 20. Bxc3 Rc8 21. Bd4 Rxc2 22. a4 a6 23. Nc4 Be6 24. Ne3 Rd2 25. Bc3 Rd3 26. Rc1 Bxb3 27. a5 Ba3 28. Ra1 Rxc3 29. Rxa3 Rc1+ 30. Nf1 Bc4 31. g3 Bxf1 32. Re3 Bh3+ 33. Re1 Rxe1# 0-1